00418 a2200145 4500003000500000005001700005040000900022082001200031100002800043245004500071260003400116300000800150505007200158650004200230Nust20230404123622.0 cNust a942,QUE aMarjore, C.H.B. Quennel aA History of cberqap things in England / aLondonbUniversty pressc1938 a242 aThe Eighteenth Century (Page-1), The Nineteenth Century (Page-107). aA history of cberqap things in englaw